Economics and morality [ anthropological approaches

Bibliographic Details
Main Authors: Browne, Katherine E. , 1953- (Author), Milgram, B. Lynne [ (Barbara Lynne)] , 1948- (Author)
Corporate Author: Society for Economic Anthropology (US)
Format: Book
Language:English
Published: Lanham, Maryland : AltaMira Press , c2009
Series:Society for Economic Anthropology (SEA) monographs
Subjects:
Online Access:ebrary
MyiLibrary
NetLibrary
Click here to view book

MARC

LEADER 00000cam a2200000 7i4500
001 0000071421
005 20220705093000.0
008 110321s2009 mdu eng
020 |a 0759112266 (electronic bk.) 
020 |a 9780759112261 (electronic bk.) 
020 |z 0759112010 (hardcover) 
020 |z 9780759112018 (hardcover : alk. paper) 
050 0 0 |a GN448   |b .E275 2009 
090 0 0 |a GN448   |b .E275 2009 
245 0 0 |a Economics and morality [  |h electronic resource] :   |b anthropological approaches   |c edited by Katherine E. Browne and B. Lynne Milgram 
246 3 0 |a Economics & morality 
260 |a Lanham, Maryland :   |b AltaMira Press ,   |c c2009 
300 |a 1 online resource (1 v.) 
490 1 |a Society for Economic Anthropology (SEA) monographs 
500 |a Description based on print version record 
504 |a Includes bibliographical references and index 
505 0 |a 1. Rethinking gifts and commodities : reciprocity, recognition, and the morality of exchange -- 2. The grift : getting burned in the northern Malagasy sapphire trade -- 3. Maya daykeepers : new spiritual clients and the morality of making money -- 4. Extreme gifting : the moral economy of a community school -- 5. Thiefing a chance : moral meanings of theft in a Trinidadian garment factory -- 6. Patriotism, profits and waste : the moral dimensions of low-level radioactive disposal in Texas -- 7. Virtue at the checkout till : salvation economics in Kenyan flower fields -- 8. Beyond CSR : dilemmas and paradoxes of ethical conduct in transnational organizations -- 9. I am the conscience of the company : responsibility and the gift in a transnational mining corporation -- 10. Moral behavior in stock markets : Islamic finance and socially responsible investment -- 11. Moral economies, economic moralities : consider the possibilities! 
650 0 |a Economic anthropology   |v Case studies 
650 0 |a Economics   |x Moral and ethical aspects   |v Case studies 
700 1 |a Browne, Katherine E. ,   |d 1953- ,   |e author 
700 1 |a Milgram, B. Lynne [  |q (Barbara Lynne)] ,   |d 1948- ,   |e author 
710 2 |a Society for Economic Anthropology (US) 
856 4 0 |3 ebrary   |u http://site.ebrary.com/id/10353354 
856 4 0 |3 MyiLibrary   |u http://www.myilibrary.com?id=249780 
856 4 0 |3 NetLibrary   |u http://www.netlibrary.com/urlapi.asp?action=summary&v=1&bookid=238199 
856 4 0 |z Click here to view book   |u http://public.eblib.com/EBLPublic/PublicView.do?ptiID=466746 
999 |a 1000137804   |b Electronic Book   |c Electronic Resource   |e Gong Badak Campus